000 01685cam a2200385 a 4500
999 _c328535
_d328535
001 14698985
003 Nust
005 20190516094729.0
008 070116s2007 mauabf 000 1 eng
010 _a 2007001420
020 _a9780618894642
020 _a0618894640
035 _a(OCoLC)ocm78790549
035 _a(OCoLC)78790549
038 _aArshad
040 _aDLC
_cDLC
_dBAKER
_dYDXCP
_dSIN
_dBTCTA
_dC#P
_dCDL
_dDLC
050 0 0 _aPR6039.O32
_bN37 2007
082 0 0 _a823.912
_bTOL
100 1 _aTolkien, J. R. R.
_q(John Ronald Reuel),
_d1892-1973.
_914403
245 1 0 _aNarn i chîn Húrin :
_bthe tale of the children of Húrin /
_cJ.R.R. Tolkien ; edited by Christopher Tolkien ; illustrated by Alan Lee.
246 3 4 _aChildren of Húrin
260 _aBoston :
_bHoughton Mifflin,
_c2007.
300 _a313 p., [8] leaves of plates, [1] fold-out leaf :
_bill. (some col.), map ;
_c22 cm.
650 0 _aMiddle Earth (Imaginary place)
_vFiction.
_914404
655 7 _aFantasy fiction.
_2gsafd
_91087
700 1 _aTolkien, Christopher.
_914405
700 1 _aLee, Alan.
_914406
856 4 1 _3Table of contents only
_uhttp://www.loc.gov/catdir/toc/ecip079/2007001420.html
856 4 2 _3Publisher description
_uhttp://www.loc.gov/catdir/enhancements/fy0713/2007001420-d.html
856 4 2 _3Contributor biographical information
_uhttp://www.loc.gov/catdir/enhancements/fy0737/2007001420-b.html
856 4 1 _3Sample text
_uhttp://www.loc.gov/catdir/enhancements/fy0906/2007001420-s.html
906 _a7
_bcbc
_corignew
_d1
_eecip
_f20
_gy-gencatlg
942 _2ddc
_cBK